00477nam a2200169 a 450000100100000000500170001000800410002702000150006804000250008308200160010810000240012424500610014826000510020930000210026049000130028183000130029400003548020200930074355.0111101s1979 sp 000 0 spa d a8425603544 aDO-SdBNPbspacBNPHU axxxxbC718c1 aColomer, Alberto G.10aComo hacer promoción de ventas. /cAlberto G. Colomer. aMadrid :bIberico Europea de ediciones,c1979. a165 p. ;c22 cm.1 aComo...? 0aComo...?